Tamási Áron hitvalló öröksége
Elmentve itt :
| Szerző: | |
|---|---|
| Adatforrás: | Meister |
| Forrásdokumentuma: | Művelődés. - 5-6 sz., 1991, 43-45 p. |
| Nyelv: | magyar |
| Kulcsszavak: | művelődéstörténet magyar-román kapcsolatok Vásárhelyi Találkozó TAMÁSI Áron |
| LEADER | 00452nab a2200157 i 4500 | ||
|---|---|---|---|
| 001 | bibPRO00002832 | ||
| 008 | 060524s1991 xx hun | ||
| 040 | |a Sz1 | ||
| 041 | |a hun | ||
| 100 | 1 | |a BALOGH Edgár | |
| 245 | 1 | 0 | |a Tamási Áron hitvalló öröksége |c BALOGH Edgár |
| 695 | |a művelődéstörténet | ||
| 695 | |a magyar-román kapcsolatok | ||
| 695 | |a Vásárhelyi Találkozó | ||
| 695 | |a TAMÁSI Áron | ||
| 773 | 0 | |t Művelődés. - |g 5-6 sz., 1991, 43-45 p. | |